| 000 | 00594cab a22002055a 4500 | ||
|---|---|---|---|
| 001 | L137093 | ||
| 008 | 070314e2007 xxk 000 0 eng d | ||
| 035 | _a(Sirsi) u137093 | ||
| 041 | _aeng | ||
| 100 | _aKitson, Tony | ||
| 245 | _aValid questions | ||
| 260 | _c2007 | ||
| 490 |
_aHousebuilder _v66(2) March 2007, 29(1) |
||
| 520 | _aUpdates the issues regarding planning applications and the new rules which look set to increase delays for developers. | ||
| 590 | _aKA | ||
| 651 | 4 |
_aEngland _y886- |
|
| 690 |
_aPlanning and development _96259 |
||
| 700 | 1 | _aTyler, Clare | |
| 942 | _n0 | ||
| 999 |
_c78550 _d78550 |
||